000 00284nam a2200109Ia 4500
005 20251222153623.0
008 251222s9999||||xx |||||||||||||| ||spa||
082 _a923.9/V18
100 _a"Matos Mar, JoséDeustua, José, eds."
245 0 _aLuís E. Valcárcel: Memorias
942 _cLIB
999 _c32076
_d32076